Proyecto de graduación (licenciatura en ingeniería civil)--Universidad de Costa Rica. Facultad de Ingeniería. Escuela de Ingeniería Civil
Zapisane w:
| 1. autor: | |
|---|---|
| Format: | Książka |
| Język: | Spanish |
| Wydane: |
[San José], Costa Rica
2014
|
| Hasła przedmiotowe: | |
| Etykiety: |
Dodaj etykietę
Nie ma etykietki, Dołącz pierwszą etykiete!
|
MARC
| LEADER | 00000nam a22000007a 4500 | ||
|---|---|---|---|
| 003 | 011910 | ||
| 005 | 20221231143901.0 | ||
| 008 | 150316b2014 cr a|||| |||| 00| 0 spa d | ||
| 040 | |c cru CEDI | ||
| 090 | |a TFG 7076 | ||
| 100 | |9 478 |a Jiménez Vega, Bernardo | ||
| 245 | |a Proyecto de graduación (licenciatura en ingeniería civil)--Universidad de Costa Rica. Facultad de Ingeniería. Escuela de Ingeniería Civil | ||
| 260 | |a [San José], Costa Rica |c 2014 | ||
| 500 | |a Proyecto de graduación (licenciatura en ingeniería civil)--Universidad de Costa Rica. Facultad de Ingeniería. Escuela de Ingeniería Civil | ||
| 650 | |x SOCAVACION EN PUENTES - EVALUACION - RIO PARRITA (COSTA RICA) |x PUENTES - CIMIENTOS Y PILAS - EVALUACION |x PUENTES - CIMIENTOS Y PILAS - PROTECCION |x RIO PARRITA (COSTA RICA) |x HIDRAULICA |x MODELOS HIDRAULICOS |x CONTROL HIDRAULICO |9 479 | ||
| 942 | |c TFG | ||
| 999 | |c 13709 |d 13709 | ||
